| 000 | 01355nam0a2200337 4500 | ||
|---|---|---|---|
| 001 | RU\NLR\BIBL_A\022739379 | ||
| 005 | 20260403125606.0 | ||
| 010 |
_a978-5-09-129556-6 _9700 |
||
| 021 |
_aRU _bКН-П-26-000653 _9КН-П-26-0060 |
||
| 035 | _a(NLR Aleph) 022739379 | ||
| 090 |
_a13650339 _c13650339 |
||
| 100 | _a20260227d2026 d y0rusy50 ca | ||
| 101 | 0 | _arus | |
| 102 | _aRU | ||
| 105 | _aac j 000yy | ||
| 181 | 0 |
_ai _baxxe |
|
| 182 | 0 | _an | |
| 200 | 1 |
_aРоботы _eконструирование, моделирование, программирование _e3-4 классы _eучебное пособие _fИ. В. Воронин, В. В. Воронина |
|
| 203 |
_aТекст _bвизуальный _cнепосредственный |
||
| 210 |
_aМосква _cПросвещение _d2026 (печ. 2025) |
||
| 215 |
_a126 с. _cил., цв. ил., портр., табл. _d26 |
||
| 225 | 1 | _aФГОС | |
| 333 | _a6+ | ||
| 606 | 1 |
_aРоботы _jУчебные издания для средней школы _9919712 _3RU\NLR\AUTH\6617963 |
|
| 686 | 1 | _aЗ816.2я721-1 | |
| 700 | 1 |
_aВоронин _bИ. В. _gИгорь Вадимович |
|
| 701 | 1 |
_aВоронина _bВ. В. _gВероника Вадимовна |
|
| 942 | _cBOOK | ||
| 980 | _aNB | ||